Responses for Show #4811 - Monday, July 4, 2005

Contestants

[<< previous game]

Jennifer Weiner, an underwriting manager from Chanhassen, Minnesota

Teresa Grasso, a customer relations specialist from Cardiff-by-the-Sea, California

Mark Eckenwiler, an attorney originally from Tulsa, Oklahoma (whose 1-day cash winnings total $20,401)

[next game >>]

Jeopardy! Round responses

LITERARY QUOTES
(Alex: You have to identify the literary work. We'll provide the quote for you.)
SMELLS LIKE TEAM SPIRIT
BANK SHOTS
STATE NICKNAMES
MAGAZINES & NEWSPAPERS
PARDON MY ADJECTIVE
    $200 1
Treasure Island

Mark
    $200 16
water polo

Mark
    $200 6
endorse

Mark
    $200 11
Pennsylvania

Jennifer
    $200 21
American Express

Teresa
    $200 22
Doc

Mark
    $400 2
The Old Man and the Sea

Jennifer
    $400 17
Notre Dame

Mark
    $400 7
a funds transfer

Mark
    $400 12
Iowa

Jennifer
    $400 27
TV Guide

Jennifer
    $400 23
bicentennial

Teresa
    $600 3
Anna Karenina

Mark
    $600 18
the New York Mets

Jennifer
    $600 8
a certificate of deposit

Jennifer
    $600 13
Georgia

Jennifer
    $600 28
The Wall Street Journal

Jennifer
    $600 24
martial arts

Mark
    $800 4
(Teresa: What is... I've drawn a blank.)

The Divine Comedy

Teresa
Triple Stumper
    $800 19
the Globetrotters

Jennifer
    $800 9
Federal Reserve Banks

Jennifer
    $800 14
Minnesota

Mark
    $800 29
(Mark: What is Vogue?)

Allure

Mark
Triple Stumper
    $800 25
roaring

Jennifer
    $800 5
Frankenstein

Mark
    $1000 20
Los Angeles

Mark
    $1000 10
the Truth in Lending Law

Triple Stumper
    $1000 15
Maryland

Mark
    $1000 30
(Mark: What is Reader's Digest?)

Utne

Mark
Triple Stumper
    $1000 26
(Mark: What is omnivore?)
...
(Alex: Omnivore is the noun, and it doesn't have 10 letters.)

omnivorous

MarkJennifer

Scores at the first commercial break (after clue 15):

Mark Teresa Jennifer
$4,000 -$800 $3,000

Scores at the end of the Jeopardy! Round:

Mark Teresa Jennifer
$3,600 -$200 $7,200

Double Jeopardy! Round responses

POETRY SLAM
'60s POP MUSIC
ELEMENTAL LATIN
EXPLORERS
A_O_L
(Alex: Those three letters will come up in each correct response in that order, and there will be consonants and other things around them.)
YOU'VE GOT MAIL
    $400 16
a stalagmite

Mark
    $400 11
Jan & Dean

Mark
    $400 1
gold

Mark
    $400 6
(Marek: Who is Cook?)

Sir Francis Drake

Mark
Triple Stumper
    $400 18
aerosol

Mark
    $400 26
the Pony Express

Mark
    $800 17
an apple

Jennifer
    $1,800 12
"Alfie" ("What's It All About, Alfie?" accepted)

Mark
    $800 2
lead

Teresa
    $800 7
Easter Island

Jennifer
    $800 22
abominable

Teresa
    $800 27
the North Pole

Teresa
    $1200 19
Japan

Mark
    $1200 13
"To Sir, With Love"

Teresa
    $1200 3
sodium

Mark
    $1200 8
(Jennifer: What is a penguin?)
(Mark: What is a bear?)

a seal

MarkTeresaJennifer
    $1200 23
acidophilus

Triple Stumper
    $1200 28
23 cents

Mark
    $1600 20
(National) Park (Service)

Mark
    $1600 14
the Mersey

Mark
    $1600 4
potassium

Teresa
    $1600 9
(Jennifer: Who is Cortez?)

Coronado

MarkJennifer
    $1600 24
apiology

Mark
    $1600 29
Lindbergh

Teresa
    $2000 21
a hectare

Mark
    $2000 15
The Moody Blues

Triple Stumper
    $2000 5
tin

Mark
    $2000 10
(Alexander) MacKenzie

Mark
    $2000 25
alveoli

Mark
    $5,000 30
the Hope Diamond

Teresa

Scores at the end of the Double Jeopardy! Round:

Mark Teresa Jennifer
$23,800 $12,800 $6,000

[wagering suggestions for these scores]

Final Jeopardy! Round responses

TERMS IN SCIENCE
(Alex: Magazine's name, very important element in this clue today.)
...
[Mark's response is revealed as incorrect and Teresa begins laughing joyfully and almost uncontrollably]
(Alex: And guess what?--Teresa Grasso! Spent a lot of the show in the red, but you're the new Jeopardy! champion, with $24,800! All right! Way to go! We'll calm her down in time for our next Jeopardy! program. See you then.)
JenniferWhat is a solar eclipse
$0
TeresaWhat is the Big Bang
$12,000
MarkWhat is supernova
$1,801
the Big Bang

Final scores:

Mark Teresa Jennifer
$21,999 $24,800 $6,000
2nd place: $2,000 New champion: $24,800 3rd place: $1,000

Game dynamics:

Coryat scores:

Mark Teresa Jennifer
$23,000 $9,800 $6,000
29 R
(including 2 DDs),
5 W
10 R
(including 1 DD),
1 W
14 R,
2 W

Combined Coryat: $38,800

[game clues] [game scores] [suggest correction]

Game tape date: 2004-12-10
The J! Archive is created by fans, for fans. Scraping, republication, monetization, and malicious use prohibited; this site may use cookies and collect identifying information. See terms. The Jeopardy! game show and all elements thereof, including but not limited to copyright and trademark thereto, are the property of Jeopardy Productions, Inc. and are protected under law. This website is not affiliated with, sponsored by, or operated by Jeopardy Productions, Inc. Join the discussion at JBoard.tv.